Find That Country: Hot or Cold Quiz Stats

 Plays Quiz Updated Feb 13, 2019

Support Sporcle.
Go Orange.
Score 0/5 Timer 06:00
32 Plays Today
Hint Answer % Correct
Answer #1Nine
90.5%
Answer #3Green
87.7%
Answer #4Panama Canal
75.1%
Answer #2Transylvania
71.3%
Answer #5Siam
62.8%

You're not logged in!

Compare scores with friends on all Sporcle quizzes.
OR
Log In
Forgot?

From the Vault

MLB American League MVPs (1980s)

by Propellerhead

Sports 4m
If you can ace this entire playlist, then you're the MVP.
Remove Ads.
Support Sporcle.
Get the best of Sporcle when you Go Orange. This ad-free experience offers more features, more stats, and more fun while also helping to support Sporcle. Thank you for becoming a member.

Show Comments

Extras

Top Quizzes Today


Score Distribution

Your Account Isn't Verified!

In order to create a playlist on Sporcle, you need to verify the email address you used during registration. Go to your Sporcle Settings to finish the process.

Report this User

Report this user for behavior that violates our Community Guidelines.

Details: